000 01652cam a22002054a 4500
005 20250605163949.0
008 250528s ||||||||||||||||||||||||d
035 _a15319
020 _a273600397
040 _aGR-AtMCL
_bgre
_dGR-AtMCL
_eAACR2
245 1 _aManagement and Organizational Behavior / Third Edition
250 _a3rd
260 _bPitman Publishing,
_c1993
300 _a730
520 _aThe author takes a managerial approach to the study of organizational behavior with an emphasis on improving work performance through a better understanding of human resources. Acknowledgements, Management and Organizational Behavior, The Nature of Organizational Behavior, Approaches to Organization and Management, The Organizational Setting, The Individual, Individual Differences, The Process of Perception, Groups and Leadership, The Nature of Groups, Group Processes and Behavior, The Nature of Leadership, Context of the Organization, Organizational Goals and Objectives, Organization Structure and Systems, Contingency Approach to Organization and Management, Management as an Integrating Activity, The Nature of Management, Managerial Behavior and Effectiveness, Organizational Processes, The Nature of Work Motivation, Job Satisfaction and Work Performance, The Nature of Delegation, The Nature of Management Control, The Personnel Function, Personnel and Employee Relations, Staffing the Organization, Improving Organizational Performance, Organization Development, Management Development and Organizational Effectiveness, Conclusion, Index.
700 1 _aMullins Laurie J
_91214
942 _cBK
999 _c909
_d909